01079 2200277 4500001002100000005001500021035002000036008004100056020001800097041000800115082000800123084001400131100002600145245007700171250001200248260002900260300001200289520032700301650001700628990002600645990002600671990002600697990002600723990002600749990002600775INLIS00000000000300520221114125339 a0010-0520003005221114 | | ind  a979-709-096-5 aind a955 a955 RAH i0 aRahman, Musthafa ABD.1 aIran Pasca Revolusi :bFenomena Pertarungan Kubu /cMusthafa ABD. Rahman aCet. 1. aJakarta :bKompas,c2003 aCet. 1. aPemilihan Presiden di Iran pada 23 Mei 1997 merupakan titik balik sejarah negeri itu sejak Revolusi Iran tahun 1979, saat itu Pemilu dimenangkan oleh Muhammad Khatami dengan kemenangan mutlah 70%, Dari pemilu tersebut munculah kekuatan baru yang lebih dikenal sebagai kubu reformis yang berhadapan dengan kubu konservatif. 4aSejarah-Iran a03087/MKRI-P/III-2006 a03086/MKRI-P/III-2006 a03086/MKRI-P/III-2006 a03087/MKRI-P/III-2006 a03087/MKRI-P/III-2006 a03086/MKRI-P/III-2006